[Event "Warsaw YMCA Spring 48th"]
[Site "Warsaw"]
[Date "2008.04.18"]
[Round "3"]
[White "Lewandowski, Rafal"]
[Black "Olejarczyk, Bogdan"]
[Result "1-0"]
[WhiteElo "2181"]
[BlackElo "2184"]
[PlyCount "79"]
[EventDate "2008.04.02"]
[EventType "tourn"]
[EventRounds "13"]
[EventCountry "POL"]
[SourceTitle "EXT 2019"]
[Source "ChessBase"]
[SourceDate "2018.10.10"]
[SourceVersion "1"]
[SourceVersionDate "2018.10.10"]
[SourceQuality "1"]

1. e4 c5 2. Nf3 d6 3. d4 cxd4 4. Nxd4 Nf6 5. Nc3 a6 6. Bg5 e6 7. f4 Qc7 8. Qf3 Nbd7 9. 0-0-0 b5 10. Bd3 Qb6 11. Nce2 Bb7 12. Kb1 Be7 13. Qh3 0-0-0 14. f5 e5 15. Nb3 Nc5 16. Nc3 Kb8 17. Rhe1 Qc7 18. a3 h6 19. Bh4 g5 20. fxg6 fxg6 21. Bxf6 Bxf6 22. Nxc5 dxc5 23. Nd5 Qc6 24. c4 Bg5 25. Qg3 Rde8 26. Rf1 Rh7 27. Rf3 Ka7 28. Qf2 Kb8 29. Qe2 bxc4 30. Bxc4 Rd7 31. Rb3 Ka7 32. Rb6 Qa4 33. Bb3 Qa5 34. Rxg6 Rb8 35. Qc2 Bxd5 36. Rxd5 Rxd5 37. Bxd5 Rb6 38. Rg8 Rf6 39. Ra8+ Kb6 40. Qb3+ 1-0

[Event "Warsaw Elo-A"]
[Site "Warsaw"]
[Date "2008.03.06"]
[Round "7"]
[White "Gacek, Waldemar"]
[Black "Lewandowski, Rafal"]
[Result "0-1"]
[WhiteElo "2093"]
[BlackElo "2181"]
[PlyCount "132"]
[EventDate "2008.01.04"]
[EventType "tourn"]
[EventRounds "13"]
[EventCountry "POL"]
[SourceTitle "EXT 2010"]
[Source "ChessBase"]
[SourceDate "2010.11.25"]
[SourceVersion "1"]
[SourceVersionDate "2010.11.25"]
[SourceQuality "1"]

1. Nf3 Nf6 2. c4 e6 3. Nc3 d5 4. cxd5 exd5 5. d4 c5 6. g3 Nc6 7. Bg2 Be7 8. 0-0 0-0 9. Bg5 c4 10. Ne5 Be6 11. Nxc6 bxc6 12. b3 Qa5 13. Qc2 Rad8 14. Bd2 Qa6 15. bxc4 Qxc4 16. Qa4 c5 17. dxc5 Bxc5 18. Rfc1 Bd4 19. Rab1 Rb8 20. e3 Be5 21. Qxc4 dxc4 22. Bf1 Rfd8 23. Be1 h5 24. h4 Nd7 25. Na4 Nb6 26. Nc3 Rbc8 27. Be2 Bg4 28. Bxg4 hxg4 29. Rd1 Rd3 30. Rdc1 Nd5 31. Nxd5 Rxd5 32. Bc3 Bxc3 33. Rxc3 Rd3 34. Rbc1 Rxc3 35. Rxc3 Kf8 36. Kf1 Ke7 37. Ke2 Kd6 38. Kd2 Kd5 39. Ra3 Rc7 40. Ra5+ Ke4 41. Kc3 g6 42. h5 gxh5 43. Rxh5 f5 44. a3 Rc5 45. Rh7 a5 46. a4 Kf3 47. Rh5 Kxf2 48. e4 Kxg3 49. Rxf5 Rc7 50. Rxa5 Kf3 51. Rg5 g3 52. e5 Rc5 53. Rg8 Rxe5 54. Kxc4 Re4+ 55. Kb5 Rg4 56. Rc8 g2 57. Rc1 g1Q 58. Rxg1 Rxg1 59. a5 Ke4 60. Kc6 Ra1 61. Kb6 Kd5 62. a6 Kd6 63. a7 Rb1+ 64. Ka6 Kc7 65. a8N+ Kc6 66. Ka7 Rb2 0-1

[Event "Warsaw Elo-A"]
[Site "Warsaw"]
[Date "2008.02.08"]
[Round "6"]
[White "Lewandowski, Rafal"]
[Black "Moskwinski, Tadeusz"]
[Result "1-0"]
[WhiteElo "2181"]
[BlackElo "2172"]
[PlyCount "87"]
[EventDate "2008.01.04"]
[EventType "tourn"]
[EventRounds "13"]
[EventCountry "POL"]
[SourceTitle "EXT 2010"]
[Source "ChessBase"]
[SourceDate "2010.11.25"]
[SourceVersion "1"]
[SourceVersionDate "2010.11.25"]
[SourceQuality "1"]

1. e4 c5 2. Nf3 Nc6 3. d4 cxd4 4. Nxd4 Nf6 5. Nc3 e5 6. Ndb5 d6 7. Bg5 a6 8. Na3 b5 9. Nd5 Be7 10. Bxf6 Bxf6 11. c3 0-0 12. Nc2 Bg5 13. a4 bxa4 14. Rxa4 a5 15. Bb5 Ne7 16. Ncb4 Be6 17. Nxe7+ Qxe7 18. Bc6 Ra7 19. Nd5 Bxd5 20. Bxd5 Rb8 21. Qa1 Qc7 22. 0-0 g6 23. g3 Bd8 24. Kg2 Kg7 25. Rd1 h5 26. b4 h4 27. Rd2 Rc8 28. c4 Bg5 29. Rda2 Rh8 30. h3 hxg3 31. fxg3 Qc8 32. g4 Bf4 33. Rxa5 Rxa5 34. bxa5 Rxh3 35. Kxh3 Qh8+ 36. Kg2 Qh2+ 37. Kf1 Qh3+ 38. Rg2 Qh1+ 39. Rg1 Qf3+ 40. Ke1 Qe3+ 41. Kf1 Bh2 42. Kg2 Qg3+ 43. Kh1 Qh3 44. Qf1 1-0

[Event "Warsaw Elo-A"]
[Site "Warsaw"]
[Date "2008.01.18"]
[Round "3"]
[White "Przybyla, Kamil"]
[Black "Lewandowski, Rafal"]
[Result "1-0"]
[WhiteElo "2145"]
[BlackElo "2181"]
[PlyCount "41"]
[EventDate "2008.01.04"]
[EventType "tourn"]
[EventRounds "13"]
[EventCountry "POL"]
[SourceTitle "EXT 2010"]
[Source "ChessBase"]
[SourceDate "2010.11.25"]
[SourceVersion "1"]
[SourceVersionDate "2010.11.25"]
[SourceQuality "1"]

1. d4 Nf6 2. Nf3 e6 3. c4 b6 4. Nc3 Bb4 5. Bg5 Bb7 6. e3 c5 7. Bd3 h6 8. Bh4 g5 9. Bg3 Rg8 10. 0-0 Bxc3 11. bxc3 d6 12. dxc5 dxc5 13. Ne5 h5 14. Qa4+ Kf8 15. f4 h4 16. f5 hxg3 17. fxe6 gxh2+ 18. Kh1 Ke7 19. exf7 Rg7 20. Rxf6 Kxf6 21. Qe8 1-0